| 000 | 00326nam a22001097a 4500 | ||
|---|---|---|---|
| 082 | _a808.066 HIC'S | ||
| 100 |
_aHICKS, T. G _957099 |
||
| 245 | _aSUCCESSFUL TECHNICAL WRITING TECHNICAL ARTICLES PAPERS REPORTS INSTRUCTION AND TRAINING MANUAL AND BOOKS | ||
| 260 |
_aNEWYORK _bMCGRAW HILL _c1959 |
||
| 300 | _a294P | ||
| 942 | _cBK | ||
| 999 |
_c567401 _d567401 |
||